00858pam 2200253 a 4500001000800000005001700008008004100025035002100066906004500087010001700132020003100149040001800180050002500198082001700223100002700240245012200267260003800389300003300427504002800460650001600488700001900504991005100523099003000574427956819860103000000.0850805s1985 nyua b 000 0 eng  9(DLC) 85040523 a7bcbccorignewd1eocipf19gy-gencatlg a 85040523  a0894809350 (pbk.) :c$9.95 aDLCcDLCdDLC00aGV1097.B65bR84 198500a796.4/352191 aRuhe, Benjamin,d1928-10aBoomerang :bhow to throw, catch, and make it /cby Benjamin Ruhe and Eric Darnell ; illustrations by Cheslye Larson. aNew York :bWorkman Pub.,cc1985. a93 p. :bill. ;c21 x 23 cm. aBibliography: p. 92-93. 0aBoomerangs.1 aDarnell, Eric. bc-GenCollhGV1097.B65iR84 1985tCopy 1wBOOKS aruhe-boomerang-1071961834